000 01219nam0a2200337 4500
001 RU\NLR\bibl\1420294
005 20260405171552.0
010 _a978-5-7501-0780-3
_91000
021 _aRU
_b2009-60458
_93729
035 _a(nilc)RSL-KNO-004362507
035 _a(NLR Aleph) 001412243
090 _a1289904
_c1289904
100 _a20090717d2009 |||y0rusy50 ca
101 0 _arus
102 _aRU
105 _ay zzzz|||||
200 1 _aОбщества взаимного страхования: ретроспектива, анализ и учет
_fР. М. Сафуанов
210 _aУфа
_cГилем
_d2009
215 _a218 с.
_cтабл.
_d20
320 _aБиблиогр.: с. 170-174
606 1 _aВзаимное страхование
_xОбщества
_yРоссийская Федерация
_92575671
_3RU\NLR\auth\661522911
686 _aУ9(2)261.715,0
_2rubbk
686 _aУ26(2)311.5
700 1 _4070
_8rus
_7ca
_aСафуанов
_bР. М.
_gРафаэль Махмутович
_3RU\NLR\auth\7773207
_956135
801 0 _aRU
_bРКП
_c20090717
_grcr
801 1 _aRU
_bРГБ
_c20090717
801 2 _aRU
_bNLR
_c20091006
_grcr
942 _cBOOK
980 _aNB
980 _aNBR